|
|
|
|
| LEADER |
00000nam0a2200000 4500 |
| 001 |
326846 |
| 005 |
20231102003912.0 |
| 035 |
|
|
|a (RuTPU)RU\TPU\book\352506
|
| 090 |
|
|
|a 326846
|
| 100 |
|
|
|a 20170118d1969 km y0rusy50 ca
|
| 101 |
0 |
|
|a rus
|
| 102 |
|
|
|a RU
|
| 105 |
|
|
|a a j 001zy
|
| 200 |
1 |
|
|a Стальные канаты нефтегазодобывающей промышленности
|e (пособие буровым мастерам)
|f М. А. Букштейн
|
| 210 |
|
|
|a Москва
|c Недра
|d 1969
|
| 215 |
|
|
|a 159 с.
|c ил.
|
| 320 |
|
|
|a Библиогр.: с. 157
|
| 606 |
1 |
|
|a Нефтегазодобывающая промышленность
|2 stltpush
|3 (RuTPU)RU\TPU\subj\45576
|9 64770
|
| 606 |
1 |
|
|a Буровые канаты,стальные
|2 stltpush
|3 (RuTPU)RU\TPU\subj\30563
|9 53657
|
| 610 |
1 |
|
|a стальные канаты
|
| 610 |
1 |
|
|a бурение
|
| 610 |
1 |
|
|a талевая оснастка
|
| 610 |
1 |
|
|a талевые канаты
|
| 610 |
1 |
|
|a талевые механизмы
|
| 610 |
1 |
|
|a канатное бурение
|
| 610 |
1 |
|
|a конструкции
|
| 610 |
1 |
|
|a эксплуатация
|
| 610 |
1 |
|
|a вспомогательные механизмы
|
| 610 |
1 |
|
|a контрольно-измерительные приборы
|
| 610 |
1 |
|
|a техника безопасности
|
| 675 |
|
|
|a 622.323
|v 4
|
| 675 |
|
|
|a 622.24.053
|v 4
|
| 700 |
|
1 |
|a Букштейн
|b М. А.
|g Михаил Абрамович
|
| 801 |
|
1 |
|a RU
|b 63413507
|c 20170118
|
| 801 |
|
2 |
|a RU
|b 63413507
|c 20170119
|g RCR
|
| 942 |
|
|
|c BK
|